=LDR 00000nam 2200000 4500 =001 INLIS000000000029632 =005 20130612131841 =008 ***********************************Ind** =035 ##$$0010-061300000029632 =041 ##$$a Ind =082 ##$$a 578.757 =090 ##$$a 578.757, Han b =100 ##$$a Hanafiah, Komas Ali =245 ##$$a Biologi tanah, ekologi dan mikrobiologi tanah, Kemas Ali Hanafiah, A. Napoleon =260 ##$$a 2007 $b Jakarta =300 ##$$a xvi, 166 hlm, ilus, 21 cm =650 ##$$a Biologi Tanah =700 ##$$a Napoleon =850 ##$$a NBPNMAT =990 ##$$a 0001/BPAP-NTB/2016